| 000 | 00385nam a2200109Ia 4500 | ||
|---|---|---|---|
| 008 | 170221s9999 xx 000 0 und d | ||
| 100 | _aAdam Steen | ||
| 245 | _aMarket Failure, Regulation and Education of Financial Advisors | ||
| 245 | _cAdam Steen, Dianne McGrath, and Alfred Wong | ||
| 650 | _xBusiness | ||
| 856 | _uhttp://ro.uow.edu.au/cgi/viewcontent.cgi?article=1675&context=aabfj | ||
| 999 |
_c307729 _d307729 |
||